Statistics for Star wars Quiz #2

Click here to take the quiz!

General Stats

  • This quiz has been taken 4 times
  • The average score is 7 of 10

Answer Stats

HintAnswer% Correct
In what movie were they on GeonosisAttack of the clones
100%
On Geonosis the plans for a super weapon are shown. What was itDeathstar
100%
Who was the commander of the DeathstarGrand Moff Tarkin
100%
What colors are Ahsokas lightsabersWhite
100%
What ar the common battle droids calledB-1
75%
What dose BBY stand forBefore battle of Yavin
75%
What planet dose Darth maul come fromDathomir
75%
In the first season of Clone Wars a new separatist super ship is shown. What is its nameMalevolence
75%
What is the main Destroyer the Republic used in the Clone WarsVenetor
25%
And her species isTortuga
0%

Score Distribution

Percentile by Number Answered

Percent of People with Each Score

Your Score History

You have not taken this quiz